000
00332 a2200145 4500
999
_c
12200
_d
12200
003
OSt
005
20240117160207.0
008
240117b ||||| |||| 00| 0 eng d
020
_a
978-9812450890
082
_a
725.4
_b
HAR
100
_a
Hartje, Hans
245
_a
Wineries : architecture & design
260
_c
2004
942
_2
ddc